Biện pháp quản lý công tác bồi dưỡng học sinh giỏi ở các trường trung học phổ thông huyện Bình Sơn, tỉnh Quảng Ngãi

Cơ sở lý luận về quản lý công tác bồi dưỡng học sinh giỏi bậc trung học phổ thông. Thực trạng quản lý công tác bồi dưỡng học sinh giỏi ở các trường THPT huyện Bình Sơn, tỉnh Quảng Ngãi. Biện pháp quản lý công tác bồi dưỡng học sinh giỏi ở các trường trường THPT huyện Bình Sơn, tỉnh Quảng Ngãi...

وصف كامل

محفوظ في:
التفاصيل البيبلوغرافية
المؤلف الرئيسي: Nguyễn Phiêu
مؤلفون آخرون: Bùi Việt Phú TS. (Hướng dẫn)
التنسيق: كتاب
اللغة:Vietnamese
منشور في: Đà Nẵng Đại học Đà Nẵng 2016
الموضوعات:
الوسوم: إضافة وسم
لا توجد وسوم, كن أول من يضع وسما على هذه التسجيلة!
Thư viện lưu trữ: Mạng thư viện Đại học Đà Nẵng
LEADER 01925nam a2200349 4500
001 000023845
003 20298
005 20160329140301.0
008 160317s2016 viesd
041 |a vie 
082 1 4 |a 373.1255  |b NG-P 
100 1 |a Nguyễn Phiêu 
245 1 |a Biện pháp quản lý công tác bồi dưỡng học sinh giỏi ở các trường trung học phổ thông huyện Bình Sơn, tỉnh Quảng Ngãi  |c Nguyễn Phiêu ; Bùi Việt Phú hướng dẫn.  |k Luận văn Thạc sĩ 
260 |a Đà Nẵng  |b Đại học Đà Nẵng  |c 2016 
300 |a 106 tr. ; phụ lục 9 tr.  |c 29 cm.  |e Tóm tắt 
500 |a Luận văn thạc sĩ. Chuyên ngành: Quản lý giáo dục. Mã số: 60.14.01.14 
520 3 |a Cơ sở lý luận về quản lý công tác bồi dưỡng học sinh giỏi bậc trung học phổ thông. Thực trạng quản lý công tác bồi dưỡng học sinh giỏi ở các trường THPT huyện Bình Sơn, tỉnh Quảng Ngãi. Biện pháp quản lý công tác bồi dưỡng học sinh giỏi ở các trường trường THPT huyện Bình Sơn, tỉnh Quảng Ngãi 
650 0 4 |a Giáo dục trung học  |v Luận văn tốt nghiệp  |x Nghiên cứu  |x Bồi dưỡng học sinh giỏi  |z Quảng Ngãi 
653 |a Bồi dưỡng học sinh giỏi 
653 |a Giáo dục trung học 
653 |a Quản lý giáo dục 
700 1 |a Bùi Việt Phú  |c TS.  |e Hướng dẫn 
OWN |a LSP 
AVA |a UDN50  |b LSP  |d 373.1255 NG-P  |e available  |t Error 5001 Not defined in file expand_doc_bib_avail.  |f 1  |g 0  |h N  |i 0  |k 1 
999 |a From the UDN01 
AVA |a UDN50  |b LSP  |d 373.1255 NG-P  |e available  |t Error 5001 Not defined in file expand_doc_bib_avail.  |f 1  |g 0  |h N  |i 0  |k 1 
TYP |a Monograph 
TYP |a Printed language 
980 |a Mạng thư viện Đại học Đà Nẵng